000 02289nam a22002177a 4500
005 20220317145302.0
008 220315b ||||| |||| 00| 0 eng d
020 _a9788126533671
040 _cAL
041 _aeng
082 _223
_a658.4012
_bOSTB
100 _aAlexander Osterwalder
_923721
245 _aBusiness model generation
_bA handbook for visionaries game changers and challengers
260 _aNew Delhi
_bWiley
_c2018
300 _a276p.
_bPB
_c24x17cm.
365 _2General
_aABDI/0566/22
_b
_c₹749.25
_d₹999.00
_e25%
_f7-3-2022
520 _aBusiness Model Generation: A Handbook for Visionaries, Game Changers, and Challengers is a handy guide designed for nagers, executives, consultants, entrepreneurs, and all those seeking to bring about a useful change in their organization. Times change rapidly, with new developments always around the corner. Businesses need to up their game and develop new strategies if they don’t want to be left behind. The book presents helpful strategies, ideas and tools to improve your business and get ahead of competitors. Business Model Generation is created with the help of 470 "Business Model Canvas" practitioners from 45 countries across the world, to give your organisation a well-rounded, truly global approach. These leading business thinkers put their heads together to explain the most common Business Model patterns, which can be interpreted and adapted to suit your own context. The ideas presented by them are feasible and easy to implement in your company. They aim to instruct the user how to understand, systematically design, and implement a game–changing business model, or analyse and reinvent an old one. It explains concepts such as how to understand your customer, partners, distribution channels, costs, revenue streams, and core value propositions. The book features practical and user-friendly techniques used by leading companies worldwide such as 3M, Capgemini, Ericsson, and Deloitte, among others. Business Model Generation: A Handbook for Visionaries, Game Changers, and Challengers was published by John Wiley & Sons in the year 2010. The book is available in paperback.
650 _2Business Communication
_aexecutive management
_924065
700 _aPigneur,Yves
_924066
942 _2ddc
_cBK
999 _c221888
_d221888